Weiterdenken - Deutschland - Teil 2 - Statistiken

Allgemein
  • Dieses Quiz wurde 210 mal gespielt
  • Das Durchschnittsergebnis liegt bei 19 aus 26
Antwortstatistiken
Frage Antwort % Korrekt
Wie heißt das größte Bundesland Deutschlands? Bayern
100%
Wie heißt die Region im Norden von ^ mit Nürnberg als größter Stadt? Franken
93%
In welchem Nachbarland ist der ^ die Währung? Schweiz
91%
Der wievielte Monat ist der ^? 3
83%
Wie heißt der kleinste ^? Bremen
81%
Wer "regiert" aktuell im Bundeskanzleramt in ^? Merz
81%
An welchem Fluss liegt ^? Weser
80%
Welche Form von Bundesland gibt es in Deutschland ^-mal? Stadtstaat
79%
In welcher Millionenstadt starb ^? Berlin
77%
Welcher Fußballverein spielt im ^-stadion? Werder
77%
Für welches alkoholische Getränk ist das ^ bekannt? Bier
76%
In welchem Bundesland befindet sich die Märkische ^? Brandenburg
75%
Für welches Volksfest ist ^ bekannt? Oktoberfest
75%
Welche Stadt hat nur 300.000 Einwohner weniger als ^? München
74%
In welcher See besitzt Deutschland über ^ Inseln und Halligen? Nordsee
72%
Wie heißt das ^ aus dem Düsseldorfer und Niederrhein-Raum? Alt
70%
An welchem Fluss liegt die Stadt ^? Havel
70%
Welche ist Deutschlands größte ^? Hamburg
69%
Wie heißt die größte deutsche Insel in der ^? Sylt
68%
Welchen Beinamen trägt ^? Hansestadt
63%
Wie ^ wurde Helmut Kohl? 87
61%
Die Altstadt welcher Stadt in Schleswig-Holstein befindet sich hauptsächlich auf einer ^? Lübeck
60%
Wie heißt der Hauptort von ^? Westerland
60%
Was ist ein ^ im landschaftlichen Sinne? Flussinsel
58%
Von wem ist das Lied ^? Die Ärzte
53%
Wer schrieb "Herr von Ribbeck auf Ribbeck im ^-land" Theodor Fontane
41%
Keine übereinstimmenden Quizze gefunden
Verteilung der Resultate
Anzahl Personen mit jedem Resultat
Perzentil nach korrekt beantworteten Fragen
Ihre Resultats-Entwicklung
Sie haben dieses Quiz noch nicht gespielt